MDQL
is popping MORE tags! Check the
thread
!
Quizzes
Events
Quiz Creation
Community
Videos
Private Events
Remove Ads
Sign In
Join for FREE
Feedback
Dark Mode
Quiz Categories
Sports
Geography
Music
Movies
Television
Just For Fun
Miscellaneous
History
Literature
Language
Science
Gaming
Entertainment
Religion
Holiday
For Kids
Quiz Lab
Recent
Popular Today
Quiz Kudos Today
Editor Picks
Curator Picks
Quizzes by...
Day
Popularity
Type
Ratings
Length
Year
Community
Subscriptions
Recent Discussions
Orange Saloon
Badges
Playlists
Quests
Create
Leaderboards
Showdown
Live 5
Trivia Bingo
Activity
Puzzle Library
Sporcle Events
Private Events
Virtual Trivia
Globe League
Become a Host
Pub Owners
SporcleCon
Opinionation
Our Games
Videos
Blog
Mobile Apps
Partnerships
Remove Ads and Go Orange
Feedback
Television
TV Characters
TV Show
Sitcom
Network
Friends
Reality Shows
Cast
South Park
Star Trek
The Simpsons
Doctor Who
Television
TV Characters
TV Show
Sitcom
Network
Friends
Reality Shows
Cast
South Park
Star Trek
The Simpsons
Doctor Who
Random Quiz
Search Sporcle
×
Quiz Lab
Quiz Lab
Television
Letter
Type in answers that appear in a list
Type in answers that appear in a list
Classic
Best Score? Go Orange.
Doctor Who without DOCTOR WHO Stats
Can you name the titles of Doctor Who stories without the letters in DOCTOR WHO?
By
prefab
10m
32 Questions
106 Plays
106 Plays
106 Plays
Comments
Comments
Give Quiz Kudos
Give Quiz Kudos
-
- Ratings
hide this ad
Forced Order
Answers have to be entered in order
Answers have to be entered in order
Random Order
Randomize order of answers
Randomize order of answers
Replay
Link that replays current quiz
Next Quiz
Link to next quiz in quiz playlist
You Got
0%
They Got
Avg Score
61%
Avg Friend Score
Upgrade to see
Score Distribution
Jump to the score distribution portion of the page
Score
0/32
Timer
10:00
0
Plays Today
Short Title
Real Title
% Correct
PLANE F SPIES
Planet of Spiders
79.2%
AN UNEALY IL
An Unearthly Child
78.3%
AAK F E YBEMEN
Attack of the Cybermen
76.4%
SPEAEA FM SPAE
Spearhead from Space
73.6%
E A GAMES
The War Games
72.6%
ANIVAL F MNSES
Carnival of Monsters
70.8%
ASVALVA
Castrovalva
69.8%
E USE F FENI
The Curse of Fenric
69.8%
E ELESIAL YMAKE
The Celestial Toymaker
68.9%
MINAP
Mindwarp
67%
E PER F E ALEKS
The Power of the Daleks
64.2%
GOS LIG
Ghost Light
64.2%
F FANG K
Horror of Fang Rock
63.2%
E AK
The Ark
62.3%
E AMAGEN FA
The Armageddon Factor
61.3%
PAAISE ES
Paradise Towers
61.3%
Short Title
Real Title
% Correct
E EGE F ESUION
The Edge of Destruction
60.4%
MAYN UNEA
Mawdryn Undead
60.4%
E KNS
The Krotons
59.4%
E F E AUNS
Terror of the Autons
58.5%
E S
The Two Doctors
58.5%
AGNFIE
Dragonfire
57.5%
E EN PLANE
The Tenth Planet
56.6%
E SEES F M
The Seeds of Doom
53.8%
EASK
Earthshock
53.8%
FU MSAY
Four to Doomsday
52.8%
E IBS PEAIN
The Ribos Operation
50%
E SNES F BL
The Stones of Blood
50%
IY F EA
City of Death
50%
E IE AIS
The Ice Warriors
47.2%
E A MAINES
The War Machines
46.2%
E ANIS F AA
The Androids of Tara
42.5%
Quiz Playlist
Details
Report
Send in Message
Add To Playlist
Classic:
Type in answers that appear in a list
Forced Order:
Answers have to be entered in order
Random Order:
Randomize order of answers
Last Updated: Feb 16, 2017
Quiz Scoreboard
CHALLENGE
Sign Up to Join the Scoreboard
Show All
Scores
Hide
Comments
May contain spoilers
Recently Published
5x2 Blitz: Bands
by SL_Kpop136
Music
30s
Colored Red Africa Blitz
by spor1
Geography
30s
Find the 'City' Movie
by crazypaving
Movies
60s
More to Explore
Quiz From the Vault
Featured Blog Post
14 Easter Pick-up Lines to Find Eggs With
hide this ad
You Might Also Like...
Tags
Letter Quiz
doctor
short
Story
Today's Top Quizzes in Television
Browse Television
hide this ad
Today's Top Quizzes in Letter
Browse Letter
Top Contributed Quizzes in Television
1
Survivor Journey Challenge
2
Brooklyn Nine Nine Logic Puzzle (How-To-Play)
3
Total Drama Characters
4
Phoebe Buffay Quotes
5
Survivor Trivia
6
Survivor Logic Puzzle: Heroes vs. Villains
7
Emmerdale Characters (from August 2012)
8
One Tree Hill Logic Puzzle
9
Adjectives in 00s TV Shows
10
All US Survivor Seasons in Order
Explore More
Trending Topics
Anime
Kpop
Disney
Crossword
NBA
Marvel
Harry Potter
Pokémon
WWE
Soccer
The Office
Puzzle
Song
NFL
Country
hide this ad
More By:
prefab
Quiz
Plays
Rating
Category
Featured
Created
Commonest Doctor Who Titles
7,197
4.10
Television
Aug 3, 2010
Top 40 Modern Rock Bands--1994
5,806
4.09
Music
Mar 24, 2011
Top 40 Modern Rock Bands--1998
2,347
4.55
Music
Mar 28, 2011
Top 40 Modern Rock Bands--1999
2,124
4.35
Music
Mar 30, 2011
Top 40 Modern Rock Bands--1996
1,964
4.35
Music
Mar 25, 2011
Go to Creator's Profile
Score Distribution
Quiz Creator Spotlight
prefab
Follow
Send a Message
Quizzes Created
-
Created Quiz Play Count
-
More By This Creator
Popular Quizzes Today
1
Colored Red Africa Blitz
2
Find the 'City' Movie
3
Find the US States - No Outlines Minefield
4
5x2 Blitz: Bands
5
The Countries of the World
6
Find the US States
7
US States
8
Find the Countries of Europe - No Outlines Minefield
More Television Quizzes
Hang Ten: '80s Sitcoms
Published
Trending Quizzes
Colored Red Europe Blitz I
Colored Red Africa Blitz II
Colored Red Europe Blitz II
Colored Red Europe Blitz III
Colored Red Africa Blitz III
Recently Updated
How Do You Spell That?
pecheneg
Godzilla Movies
pecheneg
Grab Bag: 4-10 Letters
pecheneg
2024 March Madness Bracket
pecheneg
Famous TV Couples
Peacemaker
Champions League XIs: Real Madrid
pecheneg
Largest US Cities 1790-2010
pecheneg
Rides in Walt Disney World
pecheneg
Most Oscar Losses (Acting)
pecheneg
Beyoncé Albums
pecheneg
Trending Topics
Kpop
Crossword
Disney
Marvel
Anime
Harry Potter
NBA
Puzzle
The Office
Soccer
Pokémon
Country
WWE
Song
NFL
Your Account Isn't Verified!
In order to create a playlist on Sporcle, you need to verify the email address you used during registration. Go to your
Sporcle Settings
to finish the process.
Report this User
Report this user for behavior that violates our
Community Guidelines
.
Details:
Send Report
Go to the Sporcle.com Mobile Site →
Comments